| 000 | 00594cab a2200193 4500 | ||
|---|---|---|---|
| 001 | WB2425-41 | ||
| 008 | 090401t1988 xxu||||| |||| 00| 0 eng d | ||
| 035 | _a(Sirsi) u48568 | ||
| 041 | _aeng | ||
| 245 | _aProperty investment report | ||
| 260 | _c1988 | ||
| 350 | _a0 | ||
| 490 |
_aFinancial Times _v22/6/88 p6 |
||
| 520 | _aAccording to the Investment Property Databank `s latest annual review of property returns, property is still the best medium for investment . | ||
| 650 | _aFINANCIAL INSTITUTIONS | ||
| 690 | _aPROPERTY-COMMERCIAL PROPERTY | ||
| 942 | _n0 | ||
| 948 | _c04/03/1997 | ||
| 999 |
_c30508 _d30508 |
||